000 00246nam a2200121Ia 4500
100 _a#N/A
942 _cBK
245 _aIntroduction to VLSI Circuits & Systems by Uyemura
260 _b#N/A
082 _b5633
546 _aENGLISH
999 _c27433
_d27433